Dirección y administración de la producción y de las operaciones (Registro nro. 1569)
[ vista simple ]
| 000 -LEADER | |
|---|---|
| fixed length control field | 01819 a2200241 4500 |
| 001 - CONTROL NUMBER | |
| control field | 27254 |
| 005 - DATE AND TIME OF LATEST TRANSACTION | |
| control field | 20260407155549.0 |
| 008 - FIXED-LENGTH DATA ELEMENTS--GENERAL INFORMATION | |
| fixed length control field | 260407a1995 arg spa d |
| 003 - CONTROL NUMBER IDENTIFIER | |
| control field | AR-UNSa-BCEJYS |
| 040 ## - CATALOGING SOURCE | |
| Original cataloging agency | AR-UNSa-BCEJYS |
| Language of cataloging | spa |
| Transcribing agency | AR-UNSa-BCEJYS |
| 080 ## - UNIVERSAL DECIMAL CLASSIFICATION NUMBER | |
| Universal Decimal Classification number | 658.5 |
| Common auxiliary subdivision | Planificación y control de la producción<br/> |
| 020 ## - INTERNATIONAL STANDARD BOOK NUMBER | |
| International Standard Book Number | 84-8086-177-0 |
| 100 1# - MAIN ENTRY--PERSONAL NAME | |
| Personal name | Chase, Richard B. |
| 245 10 - TITLE STATEMENT | |
| Title | Dirección y administración de la producción y de las operaciones |
| 250 ## - EDITION STATEMENT | |
| Edition statement | 6a. ed |
| 264 #1 - PRODUCTION, PUBLICATION, DISTRIBUTION, MANUFACTURE, AND COPYRIGHT NOTICE | |
| Place of production, publication, distribution, manufacture | Barcelona : |
| Name of producer, publisher, distributor, manufacturer | Irwin |
| Date of production, publication, distribution, manufacture, or copyright notice | 1995 |
| 300 ## - PHYSICAL DESCRIPTION | |
| Extent | xxviii, 1065 p. |
| Dimensions | 24 cm. |
| 505 ## - FORMATTED CONTENTS NOTE | |
| Formatted contents note | Parte I: La naturaleza y el contexto de la dirección de operaciones: 1. Introducción y aspectos generales - 2. Productividad y competitividad - Parte II: Diseño de producto y selección de proceso: 3. Diseño de producto y selección de proceso: Manufactura - 4. Diseño de producto y selección de proceso: Servicios - 5. Diseño para la dirección de la calidad total - Parte III: Diseño de instalaciones y de tareas: 6. Sistemas de producción justo a tiempo - 7. Pronósticos - 8. Planificación de la capacidad y de la ubicación - 9. Distribución de instalaciones - 10. Diseño y medición de trabajos - Parte IV: Arranque del sistema: 11. Planificación y control del proyecto - Parte V: El sistema en estado estable: 12. Planificación agregada - 13. Sistemas de inventario para la demanda independiente - 14. Sistemas de inventario para la demanda dependiente.Planificación de necesidades de materiales - 15. Programación y control del taller de trabajo - Parte VI: Mejora del sistema: 17. Mejora continua - 18. Producción sincronizada - 19. Modificación de la estrategia de operaciones.<br/> |
| 590 ## - LOCAL NOTE (RLIN) | |
| Local note | niveau_biblio:m niveau_hierar:0 |
| 700 1# - ADDED ENTRY--PERSONAL NAME | |
| Personal name | Aquilano, Nicholas J |
| 700 1# - ADDED ENTRY--PERSONAL NAME | |
| Personal name | Morales Peake, Ernesto |
| 942 ## - ADDED ENTRY ELEMENTS (KOHA) | |
| Koha item type | |
| Withdrawn status | Lost status | Damaged status | Not for loan | Home library | Current library | Shelving location | Date acquired | Total checkouts | Full call number | Barcode | Date last seen | Price effective from | Koha item type |
|---|---|---|---|---|---|---|---|---|---|---|---|---|---|
| Biblioteca Prof. Eusebio Cleto del Rey | Biblioteca Prof. Eusebio Cleto del Rey | 07/04/2026 | 658.5 C487 6ed. | L65285 | 07/04/2026 | 07/04/2026 | Libro | ||||||
| Biblioteca Prof. Eusebio Cleto del Rey | Biblioteca Prof. Eusebio Cleto del Rey | 07/04/2026 | 658.5 C487 6ed. | L65284 | 07/04/2026 | 07/04/2026 | Libro |